Ruskin, Rossetti, preraphaelitism (Record no. 164208)

MARC details
000 -LEADER
campo de control de longitud fija 00793nam a2200205 i 4500
001 - NÚMERO DE CONTROL
campo de control 164208
003 - IDENTIFICADOR DE NÚMERO DE CONTROL
campo de control ES-MaACL
005 - FECHA Y HORA DE LA ÚLTIMA TRANSACCIÓN
campo de control 20250815164243.0
008 - DATOS DE LONGITUD FIJA--INFORMACIÓN GENERAL
campo de control de longitud fija 050728s1899 xxkf | |||||||| ||eng d
040 ## - FUENTE DE CATALOGACIÓN
Centro catalogador/agencia de origen CAM
Lengua de catalogación spa
Centro/agencia transcriptor CAM
245 00 - MENCIÓN DEL TÍTULO
Título Ruskin, Rossetti, preraphaelitism
Resto del título : papers 1854 to 1862 /
Mención de responsabilidad, etc. arranged and edited by William Michael Rossetti; with illustrations.
260 ## - PUBLICACIÓN, DISTRIBUCIÓN, ETC.
Lugar de publicación, distribución, etc. London :
Nombre del editor, distribuidor, etc. George Allen,
Fecha de publicación, distribución, etc. 1899.
300 ## - DESCRIPCIÓN FÍSICA
Extensión XX, 327 p. , [11] h. de lám. ;
Dimensiones 20 cm.
600 14 - PUNTO DE ACCESO ADICIONAL DE MATERIA--NOMBRE DE PERSONA
Nombre de persona Rossetti, Dante Gabriel.
9 (RLIN) 99854
600 04 - PUNTO DE ACCESO ADICIONAL DE MATERIA--NOMBRE DE PERSONA
Nombre de persona Ruskin, John,
Fechas asociadas al nombre 1819-1900
9 (RLIN) 101026
650 #7 - PUNTO DE ACCESO ADICIONAL DE MATERIA--TÉRMINO DE MATERIA
Término de materia o nombre geográfico como elemento de entrada Prerrafaelismo
Fuente del encabezamiento o término embne
9 (RLIN) 136762
700 0# - ENTRADA AGREGADA--NOMBRE PERSONAL
Nombre de persona Rossetti, William Michael.
9 (RLIN) 99855
852 ## - LOCALIZACIÓN
Ubicación ES-MaACL
Número de control de estantería F-8036
Nota libre -- enc. tela verde con estampaciones en negro y dorado
Holdings
Estatus retirado Estado de pérdida Estado de daño No para préstamo Colección Biblioteca de origen Biblioteca actual Ubicación en estantería Fecha de adquisición Fuente de adquisición Total de préstamos Signatura topográfica completa Código de barras Visto por última vez Precio de reemplazo Tipo de ítem Koha
        Libros del s. XIX Biblioteca del Ateneo de Madrid Biblioteca del Ateneo de Madrid Sala Pecera Planta 2 17/01/2008     F-8036 1172105 23/02/2023 23/02/2023 Libro impreso antiguo